01312cam a2200337 a 4500001001400000003000800014005001700022006001900039007001500058008004100073020003800114040003000152049002600182050001000208082001500218245010200233260002700335300004500362520019800407521001700605588004700622504005100669650002200720655002900742700002700771710001600798776003500814856009000849942001600939999001900955EDZ0000019095StDuBDS20161031105132.0m||||||||d||||||||cr |||||||||||110107s2006 enka fo| 001|0|eng d a9781848607972 (ebook) :cNo price aStDuBDSbengcStDuBDSepn aAlfaisal Main Library 4aGN40604a306.4622300aHandbook of material cultureh[electronic resource] /cedited by Christopher Tilley ... [et al.]. aLondon :bSAGE,c2006. a1 online resource (xvii, 556 p.) :bill.8 aThe 'Handbook of Material Culture' provides a critical survey of the theories, concepts, intellectual debates, substantive domains and traditions of study characterizing the analysis of things. aSpecialized. aDescription based on print version record. aIncludes bibliographical references and index. 0aMaterial culture. 7aElectronic books.2local1 aTilley, Christopher Y.2 aSage eBooks08iPrint version :z978141290039340uhttp://ezproxy.alfaisal.edu/login?url=http://sk.sagepub.com/reference/hdbk_matculture 2lcccEBOOKS c480082d480082